000 00365nam a2200133 i 4500
001 bg
100 1 _aŁUKASZEWSKI, Zenon
245 0 _aBadania wpływu substancji organicznych ulegających specyficznej adsorbcji /
_cZenon Łukaszewski.
260 _aPoznań,
_c1978.
040 _cBPK
041 _apol
942 _cKS
008 s pl f |000 0 pol
999 _c17812
_d17812
856 _uhttp://koha.tu.koszalin.pl/cgi-bin/koha/opac-detail.pl?biblionumber=17812
_yKatalog online BPK